[Event "Regionalliga NW 1617"]
[Site "Bayern"]
[Date "2016.11.20"]
[Round "2.6"]
[White "Wind, Patrick"]
[Black "Schmitz, Wolfgang"]
[Result "1-0"]
[WhiteElo "1896"]
[BlackElo "1759"]
[PlyCount "109"]
[EventDate "2016.10.16"]
[EventType "team-tourn"]
[EventRounds "9"]
[EventCountry "GER"]
[SourceTitle "EXT 2019"]
[Source "ChessBase"]
[SourceDate "2018.10.10"]
[SourceVersion "1"]
[SourceVersionDate "2018.10.10"]
[SourceQuality "1"]
[WhiteTeam "Wuerzburg"]
[BlackTeam "Prichsenstadt"]
[WhiteTeamCountry "GER"]
[BlackTeamCountry "GER"]

1. c4 e5 2. g3 Nc6 3. Bg2 Nf6 4. Nc3 Bb4 5. Nd5 0-0 6. e3 Re8 7. Ne2 Bf8 8. d3 d6 9. 0-0 Nxd5 10. cxd5 Ne7 11. b4 f5 12. f4 Ng6 13. Qc2 Bd7 14. Bd2 Rc8 15. Rac1 exf4 16. Nxf4 Nxf4 17. Rxf4 Re7 18. Rc4 Bb5 19. Rf4 Bd7 20. Rcf1 g6 21. e4 Bg7 22. Bc3 c6 23. Bxg7 Rxg7 24. exf5 Bxf5 25. dxc6 bxc6 26. Kh1 Qd7 27. Rc4 d5 28. Rc5 Bh3 29. Rc1 Bxg2+ 30. Kxg2 Re8 31. Rxc6 Rge7 32. Rc8 Re2+ 33. Qxe2 Rxc8 34. Rc5 Re8 35. Qf3 d4 36. Qd5+ Qxd5+ 37. Rxd5 Re2+ 38. Kh3 Rxa2 39. Rxd4 Kf7 40. Rd7+ Ke6 41. Rxh7 Rb2 42. Rxa7 Rxb4 43. Ra6+ Kf5 44. g4+ Kg5 45. Ra5+ Kf6 46. Kh4 Rd4 47. Ra6+ Kg7 48. Ra3 Kf6 49. h3 Rd5 50. Kg3 g5 51. Kf3 Ke5 52. Ke3 Rb5 53. Ra8 Kd5 54. Rf8 Ke6 55. Rf5 1-0

[Event "Regionalliga NO 1516"]
[Site "Bayern"]
[Date "2016.02.21"]
[Round "7.5"]
[White "Goetz, Andreas"]
[Black "Wind, Patrick"]
[Result "1-0"]
[WhiteElo "2013"]
[BlackElo "1911"]
[PlyCount "99"]
[EventDate "2015.10.11"]
[EventType "team-tourn"]
[EventRounds "9"]
[EventCountry "GER"]
[SourceTitle "EXT 2018"]
[Source "ChessBase"]
[SourceDate "2017.10.13"]
[SourceVersion "1"]
[SourceVersionDate "2017.10.13"]
[SourceQuality "1"]
[WhiteTeam "Erlangen SC II"]
[BlackTeam "Bechhofen"]
[WhiteTeamCountry "GER"]
[BlackTeamCountry "GER"]

1. d4 Nf6 2. c4 e6 3. Nf3 Bb4+ 4. Nbd2 d5 5. a3 Bxd2+ 6. Nxd2 dxc4 7. Nxc4 b6 8. Bg5 Bb7 9. e3 Nbd7 10. f3 h6 11. Bh4 Qe7 12. e4 g5 13. Bg3 Rc8 14. Rc1 Nh5 15. Bf2 Nf4 16. Ne3 c5 17. g3 Ng6 18. dxc5 Rxc5 19. Rxc5 Nxc5 20. Bb5+ Kf8 21. b4 Ba6 22. Bxa6 Nxa6 23. Qd3 Nb8 24. Qc3 h5 25. Ke2 Nd7 26. Rd1 Nf6 27. e5 Ne8 28. Qd4 h4 29. gxh4 gxh4 30. Ng4 Rh5 31. Be3 Kg7 32. f4 h3 33. Qd8 Rh4 34. Qxe7 Nxe7 35. Kf3 Nd5 36. Bf2 Rh5 37. Ne3 Nec7 38. Rc1 Rh8 39. Rg1+ Kf8 40. Nc4 Nb5 41. a4 Nbc3 42. a5 Nxb4 43. axb6 axb6 44. Bxb6 Nbd5 45. Bd8 Nxf4 46. Bf6 Rh5 47. Ra1 Kg8 48. Ra8+ Kh7 49. Rh8+ Kg6 50. Rg8+ 1-0

[Event "Regionalliga NO 1516"]
[Site "Bayern"]
[Date "2016.01.31"]
[Round "6.6"]
[White "Simon, Guenther"]
[Black "Wind, Patrick"]
[Result "1/2-1/2"]
[WhiteElo "1884"]
[BlackElo "1911"]
[PlyCount "39"]
[EventDate "2015.10.11"]
[EventType "team-tourn"]
[EventRounds "9"]
[EventCountry "GER"]
[SourceTitle "EXT 2018"]
[Source "ChessBase"]
[SourceDate "2017.10.13"]
[SourceVersion "1"]
[SourceVersionDate "2017.10.13"]
[SourceQuality "1"]
[WhiteTeam "Regensburg Turnerschaft"]
[BlackTeam "Bechhofen"]
[WhiteTeamCountry "GER"]
[BlackTeamCountry "GER"]

1. e4 c5 2. Nc3 Nc6 3. g3 g6 4. Bg2 Bg7 5. d3 d6 6. Be3 Nf6 7. h3 0-0 8. Qd2 Nd4 9. Nd1 Rb8 10. c3 Nc6 11. Ne2 Bd7 12. f4 b5 13. 0-0 b4 14. g4 bxc3 15. bxc3 Qa5 16. Ng3 Ne8 17. Rc1 Nc7 18. g5 Nb5 19. f5 Be5 20. Ne2 1/2-1/2

[Event "Regionalliga NO 1415"]
[Site "Bayern"]
[Date "2015.04.12"]
[Round "9.6"]
[White "Jehl, Guenter"]
[Black "Wind, Patrick"]
[Result "1/2-1/2"]
[WhiteElo "2059"]
[BlackElo "1911"]
[PlyCount "22"]
[EventDate "2014.10.19"]
[EventType "team-tourn"]
[EventRounds "9"]
[EventCountry "GER"]
[SourceTitle "EXT 2018"]
[Source "ChessBase"]
[SourceDate "2017.10.13"]
[SourceVersion "1"]
[SourceVersionDate "2017.10.13"]
[SourceQuality "1"]
[WhiteTeam "Schwandorf"]
[BlackTeam "Bechhofen"]
[WhiteTeamCountry "GER"]
[BlackTeamCountry "GER"]

1. d4 Nf6 2. Bg5 d5 3. e3 e6 4. Bd3 Be7 5. Bxf6 Bxf6 6. f4 c5 7. c3 Qc7 8. g3 a6 9. Nf3 Nd7 10. Nbd2 Rb8 11. 0-0 0-0 1/2-1/2

[Event "Regionalliga NO 1415"]
[Site "Bayern"]
[Date "2015.03.15"]
[Round "8.5"]
[White "Mann, Johannes"]
[Black "Wind, Patrick"]
[Result "1/2-1/2"]
[WhiteElo "2183"]
[BlackElo "1911"]
[PlyCount "94"]
[EventDate "2014.10.19"]
[EventType "team-tourn"]
[EventRounds "9"]
[EventCountry "GER"]
[SourceTitle "EXT 2018"]
[Source "ChessBase"]
[SourceDate "2017.10.13"]
[SourceVersion "1"]
[SourceVersionDate "2017.10.13"]
[SourceQuality "1"]
[WhiteTeam "Forchheim II"]
[BlackTeam "Bechhofen"]
[WhiteTeamCountry "GER"]
[BlackTeamCountry "GER"]

1. d4 Nf6 2. c4 e6 3. g3 Bb4+ 4. Bd2 Qe7 5. Nf3 Nc6 6. Nc3 d6 7. Bg2 Bxc3 8. Bxc3 Ne4 9. Qd3 Nxc3 10. Qxc3 0-0 11. 0-0 e5 12. d5 Nb8 13. b4 b6 14. e4 f5 15. exf5 Bxf5 16. Nh4 Bg4 17. f3 Bd7 18. Bh1 g5 19. Ng2 Bh3 20. Rae1 a5 21. a3 axb4 22. axb4 Nd7 23. Rf2 Ra4 24. f4 Qg7 25. Qb3 Raa8 26. Ref1 exf4 27. gxf4 g4 28. Re1 Ra1 29. Qe3 Rxe1+ 30. Nxe1 Nf6 31. Qe6+ Kh8 32. Qe3 Re8 33. Qc3 Qe7 34. Nc2 Kg8 35. Qd2 Ne4 36. Bxe4 Qxe4 37. Qc3 Kf7 38. Rd2 Kg6 39. Rf2 Rf8 40. Qe3 Re8 41. f5+ Kh5 42. Re2 Qxe3+ 43. Rxe3 Rxe3 44. Nxe3 Kg5 45. Kf2 h5 46. Kg3 h4+ 47. Kf2 Kf6 1/2-1/2

[Event "Regionalliga NO 1415"]
[Site "Bayern"]
[Date "2014.11.09"]
[Round "2.6"]
[White "Sikorsky, Horst"]
[Black "Wind, Patrick"]
[Result "1/2-1/2"]
[WhiteElo "1882"]
[BlackElo "1911"]
[PlyCount "82"]
[EventDate "2014.10.19"]
[EventType "team-tourn"]
[EventRounds "9"]
[EventCountry "GER"]
[SourceTitle "EXT 2018"]
[Source "ChessBase"]
[SourceDate "2017.10.13"]
[SourceVersion "1"]
[SourceVersionDate "2017.10.13"]
[SourceQuality "1"]
[WhiteTeam "Gunzenhausen"]
[BlackTeam "Bechhofen"]
[WhiteTeamCountry "GER"]
[BlackTeamCountry "GER"]

1. e4 c5 2. Nf3 g6 3. d4 cxd4 4. Nxd4 Nc6 5. c4 Nf6 6. Nc3 d6 7. Be2 Nxd4 8. Qxd4 Bg7 9. Be3 0-0 10. Qd2 Bd7 11. 0-0 Bc6 12. f3 a5 13. a4 Nd7 14. f4 Nc5 15. Bxc5 dxc5 16. Qxd8 Rfxd8 17. e5 f6 18. Nd5 Bxd5 19. cxd5 fxe5 20. Bc4 Rd6 21. Rae1 e4 22. Rxe4 Bd4+ 23. Kh1 Kf8 24. b3 b6 25. Rfe1 Ra7 26. Re6 Rad7 27. g4 Rxe6 28. Rxe6 Rd6 29. Kg2 Kf7 30. g5 Rxe6 31. dxe6+ Kg7 32. Kf3 h6 33. gxh6+ Kxh6 34. Kg4 Bf6 35. f5 gxf5+ 36. Kxf5 Kh5 37. Ke4 Kg4 38. Kd5 Kh3 39. Kc6 Kxh2 40. Kxb6 Bc3 41. Kxc5 Kg3 1/2-1/2

[Event "Regionalliga NO 1314"]
[Site "Bayern"]
[Date "2014.02.09"]
[Round "6.5"]
[White "Kirbach, Thomas"]
[Black "Wind, Patrick"]
[Result "1/2-1/2"]
[WhiteElo "1900"]
[BlackElo "1932"]
[PlyCount "44"]
[EventDate "2013.10.13"]
[EventType "team-tourn"]
[EventRounds "9"]
[EventCountry "GER"]
[SourceTitle "EXT 2015"]
[Source "ChessBase"]
[SourceDate "2014.11.20"]
[SourceVersion "1"]
[SourceVersionDate "2014.11.20"]
[SourceQuality "1"]
[WhiteTeam "Fuerth SF"]
[BlackTeam "Bechhofen"]
[WhiteTeamCountry "GER"]
[BlackTeamCountry "GER"]

1. d4 Nf6 2. c4 e6 3. Nc3 Bb4 4. Qc2 b6 5. Nf3 Bb7 6. a3 Bxc3+ 7. Qxc3 d6 8. g3 Nbd7 9. Bg2 0-0 10. 0-0 Qe7 11. Nh4 Bxg2 12. Kxg2 Rac8 13. Qd3 d5 14. b3 c5 15. e3 Rfd8 16. Qe2 e5 17. dxe5 Nxe5 18. cxd5 Rxd5 19. Bb2 Nd3 20. Bxf6 Qxf6 21. Qg4 Rcd8 22. Nf3 h6 1/2-1/2

[Event "Regionalliga NO 1314"]
[Site "Bayern"]
[Date "2014.01.19"]
[Round "5.5"]
[White "Wind, Patrick"]
[Black "Meulner, Fabian"]
[Result "1/2-1/2"]
[WhiteElo "1932"]
[BlackElo "1959"]
[PlyCount "130"]
[EventDate "2013.10.13"]
[EventType "team-tourn"]
[EventRounds "9"]
[EventCountry "GER"]
[SourceTitle "EXT 2015"]
[Source "ChessBase"]
[SourceDate "2014.11.20"]
[SourceVersion "1"]
[SourceVersionDate "2014.11.20"]
[SourceQuality "1"]
[WhiteTeam "Bechhofen"]
[BlackTeam "Nuernberg Sued SW II"]
[WhiteTeamCountry "GER"]
[BlackTeamCountry "GER"]

1. c4 e5 2. g3 Nf6 3. Bg2 h6 4. Nc3 Bb4 5. Nd5 Nxd5 6. cxd5 0-0 7. Nf3 Re8 8. 0-0 c6 9. a3 Bf8 10. dxc6 Nxc6 11. b4 Qb6 12. d3 a5 13. Qa4 d5 14. b5 Na7 15. Rb1 Bd7 16. Qd1 Rad8 17. a4 Nc8 18. Bb2 e4 19. Nd4 Bg4 20. Qd2 Bc5 21. e3 Bb4 22. Bc3 Bxc3 23. Qxc3 Nd6 24. Rbc1 Rc8 25. Qd2 Bh5 26. Nb3 Bg6 27. dxe4 Nxe4 28. Qxd5 Nc3 29. Qxb7 Ne2+ 30. Kh1 Qxb7 31. Bxb7 Nxc1 32. Nxc1 Rb8 33. Bg2 Bc2 34. Na2 Bxa4 35. Nc3 Bb3 36. Ra1 Rec8 37. Bc6 Rxb5 38. Bxb5 Rxc3 39. Kg1 Bd5 40. Kf1 Rb3 41. Be2 Bc6 42. Bd1 Rb2 43. Ke1 a4 44. Bxa4 Bxa4 45. Rxa4 Kf8 46. Ra7 g6 47. Kf1 Kg7 48. Kg2 Rc2 49. g4 Kf6 50. Kg3 Rc1 51. Ra5 Rg1+ 52. Kf3 Rh1 53. Kg2 Rc1 54. h4 Rb1 55. h5 Rb4 56. Kg3 Rb3 57. Ra6+ Kg7 58. Ra5 Kf6 59. Kf4 Rb2 60. f3 Rb4+ 61. e4 g5+ 62. Kg3 Rb2 63. Rf5+ Kg7 64. Rd5 Re2 65. e5 Kf8 1/2-1/2

[Event "Regionalliga NO 1213"]
[Site "Bayern"]
[Date "2013.02.24"]
[Round "7.6"]
[White "Wind, Patrick"]
[Black "Willim, Michael"]
[Result "1/2-1/2"]
[WhiteElo "1945"]
[BlackElo "2079"]
[PlyCount "97"]
[EventDate "2012.10.14"]
[EventType "team-tourn"]
[EventRounds "9"]
[EventCountry "GER"]
[SourceTitle "EXT 2015"]
[Source "ChessBase"]
[SourceDate "2014.11.20"]
[SourceVersion "1"]
[SourceVersionDate "2014.11.20"]
[SourceQuality "1"]
[WhiteTeam "Bechhofen"]
[BlackTeam "Erlangen"]
[WhiteTeamCountry "GER"]
[BlackTeamCountry "GER"]

1. c4 c5 2. g3 Nc6 3. Bg2 g6 4. Nc3 Bg7 5. a3 d6 6. Rb1 a5 7. Nf3 e6 8. 0-0 Nge7 9. e3 Nf5 10. Nb5 0-0 11. d4 Rb8 12. b3 Qe7 13. Bb2 Rd8 14. Qe2 cxd4 15. Nfxd4 Nfxd4 16. Nxd4 Nxd4 17. Bxd4 Bxd4 18. exd4 Bd7 19. b4 b6 20. Rb2 Qf6 21. Qe3 Rdc8 22. Rc1 axb4 23. Rxb4 b5 24. Rcb1 Qf5 25. a4 Qc2 26. cxb5 Qa2 27. Qb3 Qd2 28. Qd1 Qc3 29. R4b3 Qa5 30. Rb4 d5 31. Bf1 Rc3 32. h4 e5 33. dxe5 Bf5 34. R1b2 Rbc8 35. Qxd5 Rc1 36. Kg2 Rd8 37. Qf3 Be6 38. Bd3 Rc3 39. h5 Rcxd3 40. Qf6 Bd5+ 41. Kh2 Rf3 42. Rf4 Rxf4 43. gxf4 gxh5 44. b6 Rd7 45. Rc2 Bb7 46. f3 Rd2+ 47. Kg3 Rxc2 48. Qd8+ Kg7 49. Qf6+ 1/2-1/2

[Event "Regionalliga NO 1112"]
[Site "Bayern"]
[Date "2011.11.20"]
[Round "3.4"]
[White "Wind, Patrick"]
[Black "Endres, Christian"]
[Result "1/2-1/2"]
[WhiteElo "1974"]
[BlackElo "2049"]
[PlyCount "80"]
[EventDate "2011.10.02"]
[EventType "team-tourn"]
[EventRounds "9"]
[EventCountry "GER"]
[SourceTitle "EXT 2013"]
[Source "ChessBase"]
[SourceDate "2012.11.22"]
[SourceVersion "1"]
[SourceVersionDate "2012.11.22"]
[SourceQuality "1"]
[WhiteTeam "Bechhofen"]
[BlackTeam "Altensittenbach"]
[WhiteTeamCountry "GER"]
[BlackTeamCountry "GER"]

1. c4 Nf6 2. g3 d5 3. cxd5 Nxd5 4. Bg2 e5 5. Nf3 Bd6 6. 0-0 0-0 7. Nc3 c6 8. d4 exd4 9. Nxd5 cxd5 10. Qxd4 Be7 11. Rd1 Be6 12. Be3 Bf6 13. Qd2 Nd7 14. Bd4 Be7 15. Qe3 b6 16. Rac1 Re8 17. Qc3 Rc8 18. Qd2 Nc5 19. b4 Ne4 20. Qb2 f6 21. Nd2 Nxd2 22. Qxd2 Qd6 23. a3 Rxc1 24. Rxc1 Rc8 25. e3 g6 26. h4 Kf7 27. Rxc8 Bxc8 28. h5 Bf5 29. hxg6+ hxg6 30. Bb2 Be6 31. Qd4 Qc6 32. Bf1 Bf5 33. Bg2 Be6 34. Qh4 Kg7 35. Qd4 Qc4 36. Bf3 Kf7 37. Kg2 Bd8 38. Kg1 a6 39. Kg2 Qxd4 40. Bxd4 Ke7 1/2-1/2

[Event "Regionalliga NO 1011"]
[Site "Bayern"]
[Date "2011.01.16"]
[Round "5.4"]
[White "Singer, Michael"]
[Black "Wind, Patrick"]
[Result "0-1"]
[WhiteElo "1887"]
[BlackElo "1953"]
[PlyCount "60"]
[EventDate "2010.10.10"]
[EventType "team-tourn"]
[EventRounds "9"]
[EventCountry "GER"]
[SourceTitle "EXT 2012"]
[Source "ChessBase"]
[SourceDate "2011.11.24"]
[SourceVersion "1"]
[SourceVersionDate "2011.11.24"]
[SourceQuality "1"]
[WhiteTeam "Kelheim II"]
[BlackTeam "Bechhofen"]
[WhiteTeamCountry "GER"]
[BlackTeamCountry "GER"]

1. c4 c5 2. g3 g6 3. Bg2 Bg7 4. Nf3 Nc6 5. Nc3 d6 6. d3 e6 7. Bd2 Nge7 8. a3 Rb8 9. Rb1 a5 10. Nb5 h5 11. Ng5 h4 12. Ne4 hxg3 13. Nexd6+ Kf8 14. fxg3 Nf5 15. Nxf5 gxf5 16. b4 axb4 17. axb4 Nxb4 18. Qb3 Nc6 19. Qa3 Qe7 20. Bxc6 bxc6 21. Bf4 cxb5 22. Bxb8 b4 23. Qa7 Bc3+ 24. Kf2 Bb7 25. Qb6 Kg7 26. Bd6 Qd7 27. Bxc5 Bxh1 28. Rxh1 Qa4 29. h4 e5 30. Be7 Bd4+ 0-1

[Event "Regionalliga NO 0910"]
[Site "Bayern"]
[Date "2010.04.11"]
[Round "9.7"]
[White "Wind, Patrick"]
[Black "Goetz, Andreas"]
[Result "0-1"]
[WhiteElo "1953"]
[BlackElo "2064"]
[PlyCount "108"]
[EventDate "2009.10.18"]
[EventType "team-tourn"]
[EventRounds "9"]
[EventCountry "GER"]
[SourceTitle "EXT 2011"]
[Source "ChessBase"]
[SourceDate "2010.11.26"]
[SourceVersion "1"]
[SourceVersionDate "2010.11.26"]
[SourceQuality "1"]
[WhiteTeam "Bechhofen"]
[BlackTeam "Erlangen"]
[WhiteTeamCountry "GER"]
[BlackTeamCountry "GER"]

1. c4 e6 2. g3 d5 3. Bg2 Nf6 4. Nf3 Be7 5. 0-0 0-0 6. Qc2 c5 7. d4 cxd4 8. Nxd4 Nc6 9. Nxc6 bxc6 10. Rd1 Qb6 11. Be3 Bc5 12. Bxc5 Qxc5 13. Nd2 Rb8 14. Rac1 Qb6 15. b3 Ba6 16. e3 Rfd8 17. h3 h6 18. Kh2 Rbc8 19. Qb2 c5 20. cxd5 exd5 21. Nf3 Bb7 22. Rc2 Ne4 23. Rdc1 Nf6 24. Nh4 Kh8 25. Nf5 Qe6 26. g4 h5 27. Bf3 hxg4 28. hxg4 Kg8 29. Nxg7 Kxg7 30. g5 Rh8+ 31. Kg1 Rcg8 32. Qxf6+ Qxf6 33. gxf6+ Kxf6+ 34. Kf1 Rh3 35. Ke2 Ba6+ 36. Kd2 Rxf3 37. Rxc5 Rxf2+ 38. Kc3 Rc8 39. Rxc8 Bxc8 40. Kd4 Be6 41. a4 Rb2 42. Kc3 Ra2 43. Kd4 Ra3 44. Rc7 Rxb3 45. Rxa7 Rb4+ 46. Kc3 Re4 47. Kd3 Ke5 48. a5 Ra4 49. a6 Ra3+ 50. Kd2 Ke4 51. Ra8 Ra2+ 52. Kc3 Kxe3 53. a7 d4+ 54. Kb4 d3 0-1

[Event "Regionalliga NO 0910"]
[Site "Bayern"]
[Date "2010.01.24"]
[Round "5.7"]
[White "Balle, Alfred"]
[Black "Wind, Patrick"]
[Result "1/2-1/2"]
[WhiteElo "1890"]
[BlackElo "1953"]
[PlyCount "69"]
[EventDate "2009.10.18"]
[EventType "team-tourn"]
[EventRounds "9"]
[EventCountry "GER"]
[SourceTitle "EXT 2011"]
[Source "ChessBase"]
[SourceDate "2010.11.26"]
[SourceVersion "1"]
[SourceVersionDate "2010.11.26"]
[SourceQuality "1"]
[WhiteTeam "Forchheim II"]
[BlackTeam "Bechhofen"]
[WhiteTeamCountry "GER"]
[BlackTeamCountry "GER"]

1. e4 c5 2. Nf3 g6 3. d4 cxd4 4. Nxd4 Nc6 5. Be3 Bg7 6. Nc3 Nf6 7. f3 0-0 8. Qd2 d5 9. 0-0-0 Nxd4 10. Bxd4 dxe4 11. fxe4 Be6 12. Be2 Qa5 13. a3 Rfd8 14. Qe3 Rac8 15. Nb5 Ng4 16. Qg3 Qa4 17. Nc3 Rxc3 18. Bxc3 Bxc3 19. Qxc3 Rc8 20. Rd4 Qe8 21. Qg3 Qc6 22. c3 Nf6 23. Qd3 Kg7 24. h4 h5 25. Bf3 Nd7 26. Bd1 Ne5 27. Qe2 Qc5 28. Bc2 b5 29. Kb1 a6 30. Re1 Nc6 31. Rd2 Ne5 32. Rd4 Nc6 33. Rd2 Ne5 34. Rd4 Nc6 35. Rd2 1/2-1/2

[Event "Regionalliga NO 0910"]
[Site "Bayern"]
[Date "2009.10.18"]
[Round "1.6"]
[White "Wind, Patrick"]
[Black "Petrovic, Ljubisa"]
[Result "1-0"]
[WhiteElo "1953"]
[BlackElo "1996"]
[PlyCount "63"]
[EventDate "2009.10.18"]
[EventType "team-tourn"]
[EventRounds "9"]
[EventCountry "GER"]
[SourceTitle "EXT 2011"]
[Source "ChessBase"]
[SourceDate "2010.11.26"]
[SourceVersion "1"]
[SourceVersionDate "2010.11.26"]
[SourceQuality "1"]
[WhiteTeam "Bechhofen"]
[BlackTeam "Amberg Siemens"]
[WhiteTeamCountry "GER"]
[BlackTeamCountry "GER"]

1. c4 Nf6 2. g3 e6 3. Bg2 d5 4. Nf3 Be7 5. 0-0 0-0 6. b3 c5 7. Bb2 Nc6 8. cxd5 exd5 9. d4 Ne4 10. dxc5 Bf6 11. Qc1 Bxb2 12. Qxb2 Nxc5 13. Na3 Qe7 14. Rac1 Bg4 15. Rfd1 Rad8 16. Nb5 Ne4 17. Nbd4 Qf6 18. Rc2 Rfe8 19. Nxc6 Qxb2 20. Rxb2 bxc6 21. Rc2 Rc8 22. Rdc1 Bd7 23. e3 Rb8 24. Nd4 c5 25. Ne2 Bb5 26. Bxe4 dxe4 27. Nf4 c4 28. bxc4 Ba4 29. Rd2 Red8 30. Rd4 f5 31. c5 Kf7 32. Rxa4 1-0

[Event "Regionalliga NO 0809"]
[Site "Bayern"]
[Date "2008.12.14"]
[Round "4.7"]
[White "Wind, Patrick"]
[Black "Bothe, Matthias"]
[Result "1-0"]
[WhiteElo "1907"]
[BlackElo "1840"]
[PlyCount "79"]
[EventDate "2008.10.05"]
[EventType "team-tourn"]
[EventRounds "9"]
[EventCountry "GER"]
[SourceTitle "EXT 2020"]
[Source "ChessBase"]
[SourceDate "2019.10.17"]
[SourceVersion "1"]
[SourceVersionDate "2019.10.17"]
[SourceQuality "1"]
[WhiteTeam "Bechhofen"]
[BlackTeam "Dietfurt"]
[WhiteTeamCountry "GER"]
[BlackTeamCountry "GER"]

1. c4 c5 2. g3 g6 3. Bg2 Bg7 4. Nc3 Nc6 5. a3 Nf6 6. Rb1 a5 7. e3 d6 8. Nge2 Bf5 9. e4 Bd7 10. 0-0 Qc8 11. Nf4 e6 12. Nb5 Qb8 13. b3 Nd4 14. Nxd4 cxd4 15. d3 0-0 16. Bd2 e5 17. Ne2 Rc8 18. h3 b5 19. f4 Qa7 20. g4 bxc4 21. bxc4 Rab8 22. Qc2 Bc6 23. f5 Bxe4 24. Rxb8 Rxb8 25. fxg6 Bxg6 26. Bg5 Ne4 27. Bh4 Nc5 28. Nc1 Qb6 29. Be1 a4 30. Bb4 Bh6 31. Bxc5 dxc5 32. Bd5 Bxc1 33. Qxc1 Kg7 34. h4 Qb2 35. Qg5 Rf8 36. h5 f6 37. h6+ Kh8 38. Rxf6 Qb1+ 39. Kh2 Qb8 40. Rxf8+ 1-0

[Event "Mittelfrankenliga-B1 0708"]
[Site "Mittelfranken"]
[Date "2008.04.13"]
[Round "8.7"]
[White "Wind, Patrick"]
[Black "Pidtoptanyy, Igor"]
[Result "1/2-1/2"]
[WhiteElo "1907"]
[BlackElo "1933"]
[PlyCount "51"]
[EventDate "2007.10.14"]
[EventType "team-tourn"]
[EventRounds "9"]
[EventCountry "GER"]
[SourceTitle "EXT 2011"]
[Source "ChessBase"]
[SourceDate "2010.11.26"]
[SourceVersion "1"]
[SourceVersionDate "2010.11.26"]
[SourceQuality "1"]
[WhiteTeam "Bechhofen"]
[BlackTeam "Fuerth SZ"]
[WhiteTeamCountry "GER"]
[BlackTeamCountry "GER"]

1. c4 e5 2. g3 Nf6 3. Bg2 Nc6 4. Nc3 Bc5 5. d3 0-0 6. Nf3 d6 7. 0-0 Nd4 8. Bg5 Nxf3+ 9. Bxf3 h6 10. Bxf6 Qxf6 11. Bg2 c6 12. Rb1 Be6 13. b4 Bd4 14. Ne4 Qe7 15. Qc2 f5 16. Nd2 f4 17. b5 fxg3 18. hxg3 Rac8 19. bxc6 bxc6 20. Nf3 Bb6 21. a4 Qf6 22. Qc3 g5 23. a5 Bc5 24. e3 g4 25. Nh4 d5 26. Qc2 1/2-1/2

[Event "Mittelfrankenliga-B1 0708"]
[Site "Mittelfranken"]
[Date "2007.11.25"]
[Round "3.7"]
[White "Wind, Patrick"]
[Black "Lutzky, Manfred"]
[Result "1/2-1/2"]
[WhiteElo "1907"]
[BlackElo "1887"]
[PlyCount "72"]
[EventDate "2007.10.14"]
[EventType "team-tourn"]
[EventRounds "9"]
[EventCountry "GER"]
[SourceTitle "EXT 2011"]
[Source "ChessBase"]
[SourceDate "2010.11.26"]
[SourceVersion "1"]
[SourceVersionDate "2010.11.26"]
[SourceQuality "1"]
[WhiteTeam "Bechhofen"]
[BlackTeam "Nuernberg NT III"]
[WhiteTeamCountry "GER"]
[BlackTeamCountry "GER"]

1. c4 e6 2. g3 d5 3. Bg2 dxc4 4. Nf3 Nf6 5. 0-0 Be7 6. Qa4+ Bd7 7. Qxc4 Bc6 8. Nc3 0-0 9. b4 a6 10. Rb1 Nbd7 11. d3 Nb6 12. Qb3 Nfd5 13. a3 Nxc3 14. Qxc3 Bf6 15. Qc2 Qe7 16. Be3 Na4 17. Nd4 Bxg2 18. Kxg2 Qd7 19. Nb3 Nc3 20. Rbc1 b6 21. Rfe1 Rac8 22. Bd2 Nb5 23. a4 Na7 24. Qa2 Qd5+ 25. Kg1 c5 26. bxc5 bxc5 27. Qc2 Rc7 28. Qc4 Rfc8 29. Na5 Nc6 30. Qxa6 Nd4 31. Qc4 Qd7 32. Rb1 Ra8 33. Bc3 h6 34. Bxd4 cxd4 35. Qb5 Qxb5 36. Rxb5 Raa7 1/2-1/2

[Event "Mittelfrankenliga-B1 0708"]
[Site "Mittelfranken"]
[Date "2007.11.11"]
[Round "2.6"]
[White "Wind, Patrick"]
[Black "Loebel, Petra"]
[Result "1/2-1/2"]
[WhiteElo "1907"]
[BlackElo "1791"]
[PlyCount "35"]
[EventDate "2007.10.14"]
[EventType "team-tourn"]
[EventRounds "9"]
[EventCountry "GER"]
[SourceTitle "EXT 2011"]
[Source "ChessBase"]
[SourceDate "2010.11.26"]
[SourceVersion "1"]
[SourceVersionDate "2010.11.26"]
[SourceQuality "1"]
[WhiteTeam "Bechhofen"]
[BlackTeam "Nuernberg NT IV"]
[WhiteTeamCountry "GER"]
[BlackTeamCountry "GER"]

1. c4 e5 2. g3 Nc6 3. Bg2 d6 4. Nc3 Be6 5. d3 Qd7 6. Rb1 g6 7. b4 Bg7 8. b5 Nd8 9. Bd2 c6 10. bxc6 bxc6 11. Qa4 Ne7 12. h4 h6 13. h5 g5 14. Nf3 Nf5 15. Ne4 g4 16. Nh4 Nxh4 17. Rxh4 f5 18. Nc3 1/2-1/2

[Event "Mittelfrankenliga-B1 0607"]
[Site "Mittelfranken"]
[Date "2007.05.06"]
[Round "9.6"]
[White "Arlt, Birgit"]
[Black "Wind, Patrick"]
[Result "0-1"]
[WhiteElo "1665"]
[BlackElo "1890"]
[PlyCount "74"]
[EventDate "2006.10.22"]
[EventType "team-tourn"]
[EventRounds "9"]
[EventCountry "GER"]
[SourceTitle "EXT 2011"]
[Source "ChessBase"]
[SourceDate "2010.11.26"]
[SourceVersion "1"]
[SourceVersionDate "2010.11.26"]
[SourceQuality "1"]
[WhiteTeam "Schwanstetten"]
[BlackTeam "Bechhofen"]
[WhiteTeamCountry "GER"]
[BlackTeamCountry "GER"]

1. e4 c5 2. f4 Nc6 3. Nf3 g6 4. Nc3 Bg7 5. d3 d6 6. Be2 e6 7. 0-0 Nge7 8. Qe1 Nd4 9. Nxd4 cxd4 10. Nd1 0-0 11. Rb1 Qc7 12. c3 b5 13. cxd4 Qc2 14. Ra1 Bxd4+ 15. Kh1 Bb7 16. Bd2 Rac8 17. Rf3 f5 18. Rc1 Qa4 19. Nc3 Qa6 20. Rh3 Bf6 21. Qg3 b4 22. d4 bxc3 23. Bxa6 cxd2 24. Rd1 Bxa6 25. e5 Rc1 26. Qf3 dxe5 27. dxe5 Bg7 28. Kg1 Rfc8 29. Kf2 R8c2 30. g4 Nd5 31. gxf5 gxf5 32. Rg3 Rxd1 33. Qxd1 Rxb2 34. Rf3 Rxa2 35. Kg3 Bf8 36. Kh3 Kf7 37. Rf2 Ra3+ 0-1